| 000 | 01009 a2200193 4500 | ||
|---|---|---|---|
| 020 | _a1853260959 (paperback) | ||
| 020 | _a9781853260957 (paperback) | ||
| 082 | 0 | 4 | _a822 |
| 090 |
_c4576 _d4576 |
||
| 100 | 1 | _aShakespeare, William. | |
| 245 | 1 | 0 |
_aKing lear / _cWilliam Shakespeare. |
| 260 |
_a[S.l.] : _bWordsworth Editions Ltd, _c1997. |
||
| 300 |
_a176 p. ; _c20 cm. |
||
| 490 | 1 | _aWordsworth classics. | |
| 520 | _aEdited, introduced and annotated by Cedric Watts, Research Professor of English, University of Sussex King Lear has been widely acclaimed as Shakespeare's most powerful tragedy. Elemental and passionate, it encompasses the horrific and the heart-rending. Love and hate, loyalty and treachery, cruelty and self-sacrifice: all these contend in a tempestuous drama which has become an enduring classic of the world's literature. | ||
| 830 | 0 | _aWordsworth classics. | |
| 856 | 4 | 0 |
_3Amazon.com _uhttp://www.amazon.com/exec/obidos/ASIN/1853260959/chopaconline-20 |
| 942 |
_aNBS _cBK _k822.3 SHA |
||
| 999 |
_c347018 _d347018 |
||